| 000 | 00533nam a2200181 a 4500 | ||
|---|---|---|---|
| 001 | 2507 | ||
| 003 | CDMR | ||
| 005 | 20131126101837.0 | ||
| 008 | 130130s1974||||||||||||||||||||||||||||d | ||
| 040 |
_aCDMR _bcat _cCDMR |
||
| 110 | 2 |
_aConsejo Nacional de Prensa _91881 |
|
| 245 | 1 | 0 | _aLegislación |
| 260 |
_aMadrid _c1974 _bMinisterio de Información y Turismo |
||
| 300 |
_a40 p. _c15 cm |
||
| 650 | 0 | 4 |
_94383 _aPremsa _xDret i legislació _zEspanya |
| 710 | 1 |
_94357 _aEspanya _b -- Ministerio de Información y Turismo |
|
| 942 |
_cFULLET _2udc |
||
| 999 |
_c2507 _d2507 |
||